|
|
|
|
| LEADER |
00000nab a2200000 ar4500 |
| 001 |
vtls009082402 |
| 003 |
SK-MaSNL |
| 005 |
20260303065736.0 |
| 008 |
070724c20070529xo dr|n|||||||000 b|slo |
| 038 |
|
|
|a SLLK
|
| 040 |
|
|
|a SLLK
|b slo
|c sllk
|e AACR2
|
| 041 |
0 |
|
|a slo
|
| 044 |
|
|
|a xo
|c SK
|
| 080 |
|
|
|a 796.86
|2 1997
|
| 100 |
1 |
|
|a Ondráš, Oliver,
|d 1974-
|4 pht
|4 aut
|9 1033363
|
| 245 |
1 |
0 |
|a Dobýjali tábor
|c Text a foto: Oliver Ondráš
|
| 300 |
|
|
|b Fotogr.
|
| 610 |
2 |
7 |
|a Historický vojenský tábor (Stará Ľubovňa, Slovensko)
|2 snkbucl
|9 1032920
|
| 648 |
|
7 |
|a 2007
|2 snkbucl
|9 313226
|
| 650 |
0 |
7 |
|a historický šerm
|2 snkbucl
|9 14835
|
| 650 |
0 |
7 |
|a bitky
|2 snkbucl
|9 30245
|
| 651 |
|
7 |
|a Stará Ľubovňa (Slovensko)
|2 snkbucl
|9 19193
|
| 773 |
0 |
|
|t Tatranský denník Korzár
|g Roč. IX, č. 122 (29. 5.2007)
|x 1335-7573
|
| 773 |
0 |
|
|i Pril.
|t Tatry
|g s. 8
|
| 852 |
|
|
|a SLLK
|b KIS3GCP
|
| 999 |
|
|
|c 1752479
|d 1754409
|